2.401 al 2.450. Decretos leyes dictados por la Junta de Gobierno de la República de Chile

Saved in:
書目詳細資料
格式: 圖書
語言:西班牙语
出版: Santiago Jurídica de Chile 1979
叢編:Textos Legales, 59
主題:
標簽: 添加標簽
沒有標簽, 成為第一個標記此記錄!

MARC

LEADER 00000nam a2200000 a 4500
001 UCR0880
003 CL-VaPUC
008 971205e19790000CL |||||||||||||||||spa|d
082 0 4 |a 348.022  |b DEC  |2 21 
245 1 0 |a 2.401 al 2.450. Decretos leyes dictados por la Junta de Gobierno de la República de Chile 
300 |a 235 p 
942 |c BK 
945 |d 19971205 00:00:00  |a lriquelm 
260 |a Santiago  |b Jurídica de Chile  |c 1979 
650 7 |a LEGISLACION  |2 CL-VaPUC  |9 397418 
650 7 |a FUENTES  |2 CL-VaPUC  |9 255666 
650 7 |a DERECHO CHILENO  |2 CL-VaPUC  |9 397419 
650 7 |a DECRETO LEY  |2 CL-VaPUC  |9 382553 
651 7 |a CHILE  |2 CL-VaPUC  |9 397420 
583 |a last modification  |c 19971205 00:00:00  |k Rodrigo Vera 
490 0 |a Textos Legales, 59 
999 |c 264378  |d 264376